ბათუმის შოთა რუსთაველის სახელმწიფო უნივერსიტეტის ბიბლიოთეკა

მსოფლიო ლიტერატურა. ტ.2 (ბიბ.ჩანაწერი № 36687)

000 -LEADER
fixed length control field 00642nam a2200229Ia 4500
001 - CONTROL NUMBER
control field 2614
003 - CONTROL NUMBER IDENTIFIER
control field GE_BSU
008 - FIXED-LENGTH DATA ELEMENTS--GENERAL INFORMATION
fixed length control field 181216s||||||||xx |||||||||||||| ||und||
020 ## - INTERNATIONAL STANDARD BOOK NUMBER
International Standard Book Number 97899928096
040 ## - CATALOGING SOURCE
Transcribing agency GE_BSU
080 ## - UNIVERSAL DECIMAL CLASSIFICATION NUMBER
Universal Decimal Classification number 82-31(100)
245 ## - TITLE STATEMENT
Title მსოფლიო ლიტერატურა. ტ.2
245 ## - TITLE STATEMENT
Remainder of title რჩეული მოთხრობები
245 ## - TITLE STATEMENT
Statement of responsibility, etc. მურღულია გ.
260 ## - PUBLICATION, DISTRIBUTION, ETC.
Place of publication, distribution, etc. თბილისი
260 ## - PUBLICATION, DISTRIBUTION, ETC.
Name of publisher, distributor, etc. დია
260 ## - PUBLICATION, DISTRIBUTION, ETC.
Date of publication, distribution, etc. 2007
300 ## - PHYSICAL DESCRIPTION
Extent 356გვ.22სმ.
653 ## - INDEX TERM--UNCONTROLLED
Uncontrolled term მსოფლიო ლიტერატურა
942 ## - ADDED ENTRY ELEMENTS (KOHA)
Koha item type წიგნი
ეგზემპლარები
Withdrawn status Lost status Damaged status Not for loan Date acquired Barcode Date last seen Price effective from Koha item type Public note
        2018-12-17 3589 2018-12-17 2018-12-17 წიგნი დარბაზი
        2018-12-17 3590 2018-12-17 2018-12-17 წიგნი დარბაზი